01074nam a2200253 i 4500001001000000003000400010005001700014008004100031040000800072041000800080084001500088245013000103246002000233250002900253260005400282520023800336653001100574653001200585653001400597653001200611653002500623710007400648856009800722normy2008BPK20200804090512.0121231s pl a f u |000 0 pol  cBPK apol aICS 85.060 aPapier i tektura :bwymagania zdrowotne dotyczące materiałów stosowanych do bezpośredniego kontaktu z żywnością. aPN-P-50430:1998 aZatwierdzono: 1998.01.28 aWarszawa :bPolski Komitet Normalizacyjny,c1998. aUstalono wymagania dotyczące jakości zdrowotnej papierów i tektur zadrukowanych lub niezadrukowanych, przeznaczonych do bezpośredniego kontaktu z żywnością. Podano wykaz wymagań oraz odpowiadające im metody badań. apapier atektura apakowanie ahigiena aprodukty spożywcze aNKP nr 25 ds. Mas Włóknistych, Papieru, Tektury i ich Przetworów uhttp://koha.tu.koszalin.pl/cgi-bin/koha/opac-detail.pl?biblionumber=73194yKatalog online BPK